000 00504nam a2200193Ia 4500
001 7801
003 GE_BSU
008 181216s||||||||xx |||||||||||||| ||und||
040 _cGE_BSU
245 _aАзия и Африка сегодня. №8(673). 2013.
245 _cГл.ред.А.М. Васильев
260 _aМосква
260 _bНаука
260 _c2013
300 _a80ст;29cм.
653 _aАзия и африка
653 _aპერიოდიკა
942 _cCR
999 _c41151
_d41151